01354nam a2200241 a 450000100060000000300090000600800410001502000150005604000280007108200140009910000450011324500430015826000490020130000110025050503370026159000490059865000150064794200120066299900170067495201610069195201300085295201300098217617CO-ViMGA141112s2004 ck r 000 u spa d a8431660074 aCO-ViMGAbspacCO-ViMGA04a301 M657c1 aMontousse, Marc; Renouard, Gilles92496810aCien fichas para aprender Sociología aBarcelona (España), cVicens vives, c2001 a247.p. aLa sociología y sus metodos Los fundadores de la sociología Las corrientes del pensamiento contemporaneo La socialización Las sociedades El cambio social Grupos sociales , exclusiones y solidaridades El trabajo y las relaciones profesionales Empleo y formación Familia , consumo y estilos de vida Poder , estado y política aForma de adquisición : Premio - Mincultura14aSOCIOLOGIA 2ddccBK c27110d27110 00102ddc40708003aMEVIECARbMEVIECARd2015-12-04hVolumen. 1 | 11/jun/2009l1o301 M657c p17617r2019-03-21 00:00:00s2019-03-21tEj. 1w2015-12-04yBK 00102ddc40708GENaMEBAUPIAbMEBAUPIAcGENd2023-10-13l0o302.1 M65cpBUP01110r2023-10-13 21:32:08tEj.1w2023-10-13yBK 00102lcc40708GENaMEPCONCObMEPCONCOcGENd2026-01-29l0o301 M657cpPCON00453r2026-01-29 20:58:03tEj.1w2026-01-29yBK